[Event "2.RSCO"]
[Site "Rostock"]
[Date "2003"]
[Round "4.5"]
[White "Mephisto Risc 2"]
[Black "Mephisto Montreux"]
[Result "1/2-1/2"]
[WhiteElo "2273"]
[BlackElo "2191"]
[PlyCount "103"]
[EventDate "2003"]
[EventType "tourn"]
[EventRounds "5"]
[EventCountry "GER"]
[SourceDate "2003.01.14"]

1. d4 Nf6 2. c4 e5 3. dxe5 Ne4 4. Nf3 Bb4+ 5. Bd2 Bc5 6. e3 Nc6 7. Nc3 Nxd2 8.
Qxd2 O-O 9. Nd5 a5 10. Be2 Re8 11. Qc3 d6 12. exd6 Qxd6 13. O-O Bf5 14. Rfd1
Bb4 15. Qc1 Rad8 16. Nxb4 Qxb4 17. Rd5 Be4 18. Rb5 Qd6 19. Qf1 b6 20. c5 bxc5
21. Rc1 c4 22. Rxc4 Bxf3 23. Bxf3 Ne5 24. Rf4 Nxf3+ 25. Rxf3 Re5 26. Rf5 Rxf5
27. Rxf5 c5 28. h3 g6 29. Rf4 Kg7 30. Rc4 f5 31. e4 Kg8 32. exf5 gxf5 33. Qc1
Qd1+ 34. Qxd1 Rxd1+ 35. Kh2 Rd2 36. Rxc5 Rxb2 37. Rxa5 Rxf2 38. a4 f4 39. Rf5
Rf1 40. Rc5 Kf7 41. Rc3 Ra1 42. Rc4 Rf1 43. h4 Kg6 44. Rc6+ Kh5 45. Rc7 h6 46.
Rc4 Kg4 47. Rb4 h5 48. Rc4 Ra1 49. Re4 Rd1 50. Re8 Ra1 51. Re4 Rd1 52. Re5
1/2-1/2

[Event "2.RSCO"]
[Site "Rostock"]
[Date "2003"]
[Round "4.6"]
[White "Mephisto Montreux"]
[Black "Mephisto Risc 2"]
[Result "0-1"]
[WhiteElo "2191"]
[BlackElo "2273"]
[PlyCount "94"]
[EventDate "2003"]
[EventType "tourn"]
[EventRounds "5"]
[EventCountry "GER"]
[SourceDate "2003.01.14"]

1. e4 e5 2. Nf3 Nf6 3. Bc4 Nc6 4. d4 exd4 5. O-O Nxe4 6. Re1 d5 7. Bxd5 Qxd5 8.
Nc3 Qa5 9. Nxe4 Be6 10. Neg5 O-O-O 11. Nxe6 fxe6 12. Rxe6 Bd6 13. Qe2 Qh5 14.
h3 Rde8 15. Bd2 Ne5 16. Rxe8+ Rxe8 17. Nxd4 Qxe2 18. Nxe2 Nc4 19. Be3 Nxe3 20.
fxe3 Rxe3 21. Kf2 Re8 22. Rd1 Kd7 23. g3 c5 24. Nc3 Kc6 25. Kf3 Rf8+ 26. Kg4
Be5 27. a4 Rf2 28. Re1 Bxc3 29. bxc3 Rxc2 30. Re7 Rxc3 31. Rxg7 Rc4+ 32. Kg5
Rxa4 33. Rxh7 c4 34. g4 Ra5+ 35. Kf6 b5 36. h4 Ra2 37. h5 a5 38. g5 Rf2+ 39.
Kg6 b4 40. h6 Rf8 41. Rf7 Rg8+ 42. Kh5 c3 43. Rf1 b3 44. Rc1 c2 45. h7 Rh8 46.
Kh6 Kb5 47. g6 b2 0-1

[Event "2.RSCO"]
[Site "Rostock"]
[Date "2003"]
[Round "5.1"]
[White "Mephisto Montreux"]
[Black "Mephisto Magellan"]
[Result "1-0"]
[WhiteElo "2191"]
[BlackElo "2226"]
[PlyCount "99"]
[EventDate "2003"]
[EventType "tourn"]
[EventRounds "5"]
[EventCountry "GER"]
[SourceDate "2003.01.14"]

1. d4 d5 2. c4 e6 3. Nc3 Nf6 4. Nf3 c6 5. e3 Nbd7 6. Bd3 Bd6 7. O-O O-O 8. e4
dxc4 9. Bxc4 e5 10. Be3 exd4 11. Qxd4 Qc7 12. Rad1 Ne5 13. Qxd6 Qxd6 14. Rxd6
Nxc4 15. Rd4 Nxe3 16. fxe3 Be6 17. h3 c5 18. Rd6 Rfd8 19. e5 Ne8 20. Rxd8 Rxd8
21. Ng5 Rd2 22. Nce4 Rd5 23. Nf3 h6 24. Kf2 a6 25. Nc3 Rd8 26. Na4 Bxa2 27. Ra1
Be6 28. Nxc5 Bc8 29. Rc1 b6 30. Na4 b5 31. Nc5 Nc7 32. Ra1 Rd5 33. b4 Rd8 34.
Nd4 Kh7 35. Kf3 Re8 36. Ke4 Kg6 37. Rf1 f6 38. Nc6 Ne6 39. Kd5 Nxc5 40. bxc5
Bb7 41. Kd6 Kf7 42. Kc7 Bxc6 43. Kxc6 Rxe5 44. Kb6 b4 45. c6 Rb5+ 46. Kxa6 Rc5
47. Kb6 Rc4 48. Kb7 b3 49. c7 Rb4+ 50. Kc6 1-0

[Event "2.RSCO"]
[Site "Rostock"]
[Date "2003"]
[Round "5.2"]
[White "Mephisto Magellan"]
[Black "Mephisto Montreux"]
[Result "1-0"]
[WhiteElo "2226"]
[BlackElo "2191"]
[PlyCount "79"]
[EventDate "2003"]
[EventType "tourn"]
[EventRounds "5"]
[EventCountry "GER"]
[SourceDate "2003.01.14"]

1. d4 d5 2. g3 Nf6 3. Nf3 Bf5 4. Bg2 h6 5. O-O e6 6. b3 c5 7. Ba3 Nbd7 8. dxc5
Bxc5 9. Bxc5 Nxc5 10. Nbd2 Qa5 11. c4 O-O-O 12. a3 Nce4 13. b4 Qc7 14. Rc1 Kb8
15. cxd5 Nc3 16. Qe1 Rc8 17. Nd4 Rhd8 18. e4 Qb6 19. Nc6+ bxc6 20. Rxc3 Bg6 21.
d6 Qd4 22. Nb3 Qe5 23. Na5 Qb5 24. Rc5 Qa4 25. Qe2 Ka8 26. e5 Nd5 27. Qa6 Rb8
28. Qxc6+ Qxc6 29. Nxc6 f6 30. Nxd8 Rxd8 31. Rfc1 Kb8 32. Rb5+ Ka8 33. d7 a6
34. Rc8+ Ka7 35. Rxd8 axb5 36. Rc8 Be4 37. d8=Q Nb6 38. Qc7+ Ka6 39. Bxe4 fxe5
40. Qb7# 1-0

[Event "2.RSCO"]
[Site "Rostock"]
[Date "2003"]
[Round "5.3"]
[White "Mephisto Vancouver 32 Bit"]
[Black "Mephisto Berlin Pro"]
[Result "0-1"]
[WhiteElo "2180"]
[BlackElo "2225"]
[PlyCount "124"]
[EventDate "2003"]
[EventType "tourn"]
[EventRounds "5"]
[EventCountry "GER"]
[SourceDate "2003.01.14"]

1. e4 e5 2. Nf3 Nc6 3. Bb5 a6 4. Ba4 Nf6 5. O-O Be7 6. Re1 b5 7. Bb3 O-O 8. a4
b4 9. d3 d6 10. Nbd2 Rb8 11. Nc4 Bg4 12. Be3 Nd7 13. Qe2 Nf6 14. h3 Bh5 15. a5
Qc8 16. Ncd2 Rd8 17. Qf1 Qb7 18. Bg5 h6 19. Bxf6 Bxf6 20. Bc4 Qa7 21. Ra2 Be7
22. Rea1 Ra8 23. Ra4 Rdb8 24. Bd5 Qc5 25. c3 Ra7 26. d4 Qb5 27. c4 Qb7 28. dxe5
Bg5 29. g4 Bxd2 30. gxh5 Bf4 31. Nd4 Nxd4 32. Bxb7 Raxb7 33. exd6 Bxd6 34. Qd1
c5 35. Qg4 b3 36. Rf1 Re7 37. h4 Rbe8 38. f3 Nc2 39. Kf2 Be5 40. Rb1 Rd8 41.
Ke2 Red7 42. Kf2 Re7 43. f4 Rd2+ 44. Kg1 Bd4+ 45. Kh1 Re8 46. Qd7 Re6 47. Qc8+
Kh7 48. Qb7 Rf2 49. Qxf7 Rf6 50. Qe7 R2xf4 51. Qc7 Rxh4+ 52. Qh2 Rff4 53. Qxh4
Rxh4+ 54. Kg2 Rxh5 55. Kg3 Be5+ 56. Kf3 Rh2 57. Rd1 g5 58. Rd5 Ne1+ 59. Kg4 Kg6
60. Rxe5 Rg2+ 61. Kh3 g4+ 62. Kh4 Nf3# 0-1

[Event "2.RSCO"]
[Site "Rostock"]
[Date "2003"]
[Round "5.4"]
[White "Mephisto Berlin Pro"]
[Black "Mephisto Vancouver 32 Bit"]
[Result "0-1"]
[WhiteElo "2225"]
[BlackElo "2180"]
[PlyCount "62"]
[EventDate "2003"]
[EventType "tourn"]
[EventRounds "5"]
[EventCountry "GER"]
[SourceDate "2003.01.14"]
[WhiteTeam "Vanc mit"]
[BlackTeam "22 MHZ"]

1. e4 e5 2. f4 Qh4+ 3. g3 Qe7 4. fxe5 d6 5. Nf3 dxe5 6. b3 Bg4 7. h3 Bxf3 8.
Qxf3 Nf6 9. Bb5+ Nbd7 10. Nc3 c6 11. Bc4 Nb6 12. Be2 Qd7 13. Bb2 Bc5 14. d3 O-O
15. O-O-O a5 16. g4 a4 17. g5 Ne8 18. Rdf1 axb3 19. axb3 Qe7 20. h4 Bd4 21. Nb1
Qc5 22. Bxd4 exd4 23. Qf2 Nd7 24. Kb2 Nd6 25. Bg4 Ne5 26. Bh5 Rfc8 27. Rh2 Ra5
28. Rh3 Rca8 29. Kc1 Ra1 30. Bxf7+ Ndxf7 31. c4 R8a2 0-1

[Event "2.RSCO"]
[Site "Rostock"]
[Date "2003"]
[Round "5.5"]
[White "Mephisto Risc 2"]
[Black "TASC CM 16 MHz - King 2.54"]
[Result "1/2-1/2"]
[WhiteElo "2273"]
[BlackElo "2241"]
[PlyCount "69"]
[EventDate "2003"]
[EventType "tourn"]
[EventRounds "5"]
[EventCountry "GER"]
[SourceDate "2003.01.14"]

1. c4 e5 2. Nc3 Nf6 3. Nf3 Nc6 4. g3 d5 5. cxd5 Nxd5 6. Bg2 Be6 7. O-O Be7 8.
d4 Nxc3 9. bxc3 e4 10. Nd2 f5 11. Rb1 Rb8 12. Nb3 O-O 13. f3 exf3 14. exf3 Bc4
15. Re1 a5 16. Qc2 Qd5 17. Bf4 Bd6 18. Bxd6 cxd6 19. f4 Qf7 20. d5 Bxd5 21.
Bxd5 Qxd5 22. Rbd1 Qc4 23. Rxd6 Rbe8 24. Rdd1 Rxe1+ 25. Rxe1 a4 26. Nd2 Qd5 27.
Nf1 Qc5+ 28. Ne3 b5 29. Qd3 Rd8 30. Qxf5 Qxc3 31. Qe6+ Kh8 32. Nd5 Qc5+ 33. Kh1
h6 34. Nf6 gxf6 35. Qxf6+ 1/2-1/2

[Event "2.RSCO"]
[Site "Rostock"]
[Date "2003"]
[Round "5.6"]
[White "TASC CM 16 MHz - King 2.54"]
[Black "Mephisto Risc 2"]
[Result "0-1"]
[WhiteElo "2241"]
[BlackElo "2273"]
[PlyCount "98"]
[EventDate "2003"]
[EventType "tourn"]
[EventRounds "5"]
[EventCountry "GER"]
[SourceDate "2003.01.14"]

1. e4 c5 2. d4 cxd4 3. c3 dxc3 4. Nxc3 Nc6 5. Nf3 e6 6. Bc4 Qc7 7. Qe2 Nf6 8.
O-O Ng4 9. Nb5 Qb8 10. h3 h5 11. g3 a6 12. Nbd4 b5 13. Nxc6 dxc6 14. Bd3 Bc5
15. e5 Nf6 16. Bg5 Nd7 17. Rac1 Bb7 18. Rfd1 Bb6 19. Be4 c5 20. Qd3 Qc7 21.
Bxb7 Qxb7 22. b4 cxb4 23. Qd6 Bd8 24. Bxd8 Rxd8 25. Ng5 Rc8 26. Rxc8+ Qxc8 27.
Nxf7 Kxf7 28. Qxd7+ Kg6 29. Qd3+ Kf7 30. Qd6 h4 31. Qxb4 hxg3 32. Qf4+ Kg8 33.
Qxg3 Rh5 34. a3 Rf5 35. Qe3 Rf8 36. Rd6 Rf7 37. Kg2 Rf5 38. f3 Qc2+ 39. Kg3 Rh5
40. Rd8+ Kh7 41. f4 Qf5 42. Kg2 Rh4 43. Rd4 Qb1 44. Rd6 Rh6 45. Kf2 Rg6 46. Qd3
Qg1+ 47. Ke2 Kh6 48. Qf3 Rg2+ 49. Kd3 Rg3 0-1